Villes bretonnes en breton - Statistiques

Statistiques générales
  • Ce quiz a été pris 82 fois
  • Le résultat moyen est 16 sur 30
Statistiques - réponses
Breton Français % Correct
an Oriant Lorient
97%
Kemper Quimper
96%
Roazhon Rennes
96%
Sant-Brieg Saint-Brieuc
96%
Gwengamp Guingamp
91%
Pempoull Paimpol
88%
Kiberen Quiberon
87%
Gwened Vannes
81%
Konk-Kerne Concarneau
78%
Perroz-Gireg Perros-Guirec
78%
Landivizio Landivisiau
70%
Plangoed Plancoët
70%
Pondi Pontivy
68%
Josilin Josselin
67%
Fouen Fouesnant
59%
Montroulez Morlaix
59%
Kankaven Cancale
51%
Loudieg Loudéac
51%
an Alre Auray
42%
Enez-Eusa Ouessant
42%
Lannolon Lanvollon
32%
Torigneg-Fouilharzh Thorigné-Fouillard
32%
Boulvriag Bourbriac
25%
Plañvour Ploemeur
23%
Bear Bégard
16%
Lokournan Saint-Renan
13%
Erge-ar-Mor Erquy
12%
Langaeg Langueux
10%
Lanvezhon Bétton
4%
Gentieg Janzé
4%
Aucun quiz correspondant
Distribution des résultats
% des personnes avec chaque résultat
Percentile par nombre de réponses
Votre historique - résultats
Vous n’avez pas pris ce quiz